000 00259nam a2200109Ia 4500
008 240109s2012 xx 000 0 und d
041 _aeng
082 _a620
100 _aSalunkhe N. S.
245 _aMeasurement & Control.
260 _aPune
_bTech Max
_c2012
999 _c1016619
_d1016619